Chemical oceanography

Αποθηκεύτηκε σε:
Λεπτομέρειες βιβλιογραφικής εγγραφής
Άλλοι συγγραφείς: Riley, J. P. (John Price) (Επιμελητής έκδοσης)
Μορφή: Βιβλίο
Γλώσσα:English
Δημοσίευση: London : Academic Press, 1989
Θέματα:
Ετικέτες: Προσθήκη ετικέτας
Δεν υπάρχουν, Καταχωρήστε ετικέτα πρώτοι!

MARC

LEADER 00000nam a2200000 i 4500
001 1/69920
008 981111s1989 eng d
020 |a 0-12-588609-8 
020 |a 0-12-588610-1 
035 |l 10030496 
040 |a GR-MY-UA  |b gre  |e aacr 
041 0 |a eng 
082 0 |a 551.4601 
245 1 0 |a Chemical oceanography /  |c Edited by J. P. Riley 
260 |a London :   |b Academic Press,   |c 1989 
300 |a 258 p.(v.9); 404 p.(v.10)  |b fig.; tabl. 
504 |a Includes bibliographical references and index 
505 0 |a Volume 9Volume 10: SEAREX: the sea/air exchange program 
650 0 0 |a Chemical oceanography. 
700 1 |a Riley, J. P.  |q (John Price)  |4 edt 
852 |a INST  |b LESVOS  |e 19981111  |h 551.46 CHE  |p 005100017607  |q 005100017607  |t BK  |y 0  |z v.9 
852 |a INST  |b LESVOS  |e 19981111  |h 551.46 CHE  |p 005100017607  |q 005100017607  |t BK  |v v.9:  |y 0  |z v.9 
852 |a INST  |b LESVOS  |e 19981111  |h 551.4601 CHE  |p 005100017608  |q 005100017608  |t BK  |y 0  |z v.10 
852 |a INST  |b LESVOS  |e 19981111  |h 551.4601 CHE  |p 005100017608  |q 005100017608  |t BK  |v v.10:  |y 0  |z v.10 
853 |a INST  |b LESVOS  |h 551.46 CHE 
853 |a INST  |b LESVOS  |h 551.4601 CHE 
901 |a BIBL-1999-1 
909 |a Λ  |b 060079 
909 |a Λ  |b 060080 
922 |a 1ΕΛΗ  |b 199810  |c ΚΠΣ/ΤΠ  |d ΠΑΠΑΣΩΤΗΡΙΟΥ 
950 |a 107-1998-07-18